ბათუმის შოთა რუსთაველის სახელმწიფო უნივერსიტეტის ბიბლიოთეკა

SQL სერვისი საქ–ს ტექნიკური უნივერსიტეტი. (ბიბ.ჩანაწერი № 36527)

000 -LEADER
fixed length control field 00737nam a2200217Ia 4500
001 - CONTROL NUMBER
control field 2445
003 - CONTROL NUMBER IDENTIFIER
control field GE_BSU
008 - FIXED-LENGTH DATA ELEMENTS--GENERAL INFORMATION
fixed length control field 181216s||||||||xx |||||||||||||| ||und||
020 ## - INTERNATIONAL STANDARD BOOK NUMBER
International Standard Book Number 9789941141904
040 ## - CATALOGING SOURCE
Transcribing agency GE_BSU
080 ## - UNIVERSAL DECIMAL CLASSIFICATION NUMBER
Universal Decimal Classification number 994(075.8)
100 ## - MAIN ENTRY--PERSONAL NAME
Personal name სამხარაძე, რ.
245 ## - TITLE STATEMENT
Title SQL სერვისი საქ–ს ტექნიკური უნივერსიტეტი.
260 ## - PUBLICATION, DISTRIBUTION, ETC.
Place of publication, distribution, etc. თბილისი
260 ## - PUBLICATION, DISTRIBUTION, ETC.
Name of publisher, distributor, etc. ტექნიკური უნივერსიტეტი.
260 ## - PUBLICATION, DISTRIBUTION, ETC.
Date of publication, distribution, etc. 2008
300 ## - PHYSICAL DESCRIPTION
Extent 371 გვ.
653 ## - INDEX TERM--UNCONTROLLED
Uncontrolled term SQL სერვისი საქ–ს ტექნიკური უნივერსიტეტი.
942 ## - ADDED ENTRY ELEMENTS (KOHA)
Koha item type წიგნი
ეგზემპლარები
Withdrawn status Lost status Damaged status Not for loan Date acquired Barcode Date last seen Price effective from Koha item type
        2018-12-17 820 2018-12-17 2018-12-17 წიგნი